000 00776nam a2200229Ia 4500
003 GCL
005 20240530103147.0
008 140319s9999 xx 000 0 ara d
040 _aGCL /
_cGCL
082 0 4 _a398.47
_bس س
100 1 _aسلوى على سليم
245 1 0 _aالسحر والدين :
_bدراسة فى تحليل المضمون /
_cسلوى على سليم
250 _aط1
260 _aالقاهرة :
_bدار التوفيق النموذجية للطباعة والجمع الالى ،
_c1989
300 _a152 ص ؛
_c24 سم
650 0 4 _aالشياطين والجان فى الدين والفلكلور
650 0 4 _aالسحر
650 0 4 _aالفلكلور
650 0 4 _aالعفاريت
650 0 4 _aالاشباح
942 _2ddc
_cBK
999 _c37254
_d37254